00373nam a2200121Ia 4500001000400000008004100004082001900045100008400064245003300148260002800181901002700209999001500236423241024s9999 xx 000 0 und d aRD/372.7/R426p aRepública Dominicana.Instituto Superior de Formación Docente Salome Ureña 0aPlan Estratégico 2007.2011 bPapeleria Josúec2007 a9/11/2010 3:11:04 p.m. c8669d8669